| 000 -ლიდერი |
| ფიქსირებული სიგრძის საკონტროლო ველი |
00959nam a22002057a 4500 |
| 003 - საკონტროლო ნომრის იდენტიფიკატორი |
| საკონტროლო ველი |
Ge_BSU |
| 005 - ბოლო ოპერაციის თარიღი და დრო |
| საკონტროლო ველი |
20251023152904.0 |
| 008 - ფიქსირებული სიგრძის მონაცემთა ელემენტები - ზოგადი ინფორმაცია |
| ფიქსირებული სიგრძის საკონტროლო ველი |
251023s1994 ge ||||| |||| 00| 0 geo d |
| 041 ## - ენის კოდი |
| Language code of text/sound track or separate title |
geo |
| 080 ## - უნივერსალური ათობითი კლასიფიკაციის ინდექსი |
| Universal Decimal Classification number |
005(042.4) მ-57 |
| 100 ## - მთავარი ჩანაწერი - პიროვნების სახელი |
| Personal name |
მერლანი, გ. |
| 9 (RLIN) |
26105 |
| 245 ## - ცნობა სათაურის შესახებ |
| Title |
მენეჯმენტის საფუძვლები : |
| Remainder of title |
ლექციების კურსი / |
| Statement of responsibility, etc |
გ. მერლანი, ფ. ჩიტიაშვილი, ლ. ჭანტურია; რედ. ვ. ლობჟანიძე. |
| 264 ## - წარმოების, გამოცემის, დისტრიბუციის და სხვა ცნობები |
| გამოცემის, წარმოების, დისტრიბუციის... ადგილი |
თბ. : |
| გამოცემის, წარმოების, დისტრიბუციის... სახელწოდება |
ლამპარი, |
| გამოცემის, წარმოების, დისტრიბუციის... თარიღი |
1994. |
| 300 ## - ფიზიკური აღწერა |
| Extent |
88 გვ. ; |
| Other physical details |
20 სმ. |
| 653 ## - INDEX TERM--UNCONTROLLED |
| Uncontrolled term |
მენეჯმენტი |
| 700 ## - ADDED ENTRY--PERSONAL NAME |
| Personal name |
ჩიტიაშვილი, ფ. |
| Relator term |
ავტორი |
| 9 (RLIN) |
26106 |
| 700 ## - ADDED ENTRY--PERSONAL NAME |
| Personal name |
ჭანტურია, ლ. |
| Relator term |
ავტორი |
| 9 (RLIN) |
4528 |
| 700 ## - ADDED ENTRY--PERSONAL NAME |
| Personal name |
ლობჟანიძე, ვ. |
| Relator term |
რედაქტორი |
| 9 (RLIN) |
26107 |
| 942 ## - ADDED ENTRY ELEMENTS (KOHA) |
| Source of classification or shelving scheme |
|
| Koha item type |
წიგნი |